乃木坂46のCDシングル - Statistics

General Stats
  • This quiz has been taken 150 times
    21 since last reset
  • The average score is 33 of 41
Answer Stats
Hint Answer % Correct
1st ぐるぐるカーテン
100%
2nd おいでシャンプー
100%
4th 制服のマネキン
100%
6th ガールズルール
100%
17th インフルエンサー
100%
20th シンクロニシティ
100%
5th 君の名は希望
89%
7th バレッタ
89%
8th 気づいたら片想い
89%
10th 何度目の青空か?
89%
12th 太陽ノック
89%
16th サヨナラの意味
89%
18th 逃げ水
89%
21st ジコチューで行こう!
89%
24th 夜明けまで強がらなくてもいい
89%
25th しあわせの保護色
89%
3rd 走れ!Bicycle
89%
15th 裸足でSummer
89%
11th 命は美しい
78%
13th 今、話したい誰かがいる
78%
22nd 帰り道は遠回りしたくなる
78%
28th 君に叱られた
78%
33rd おひとりさま天国
78%
35th チャンスは平等
78%
36th チートデイ
78%
29th Actually…
78%
23rd Sing Out!
78%
14th ハルジオンが咲く頃
67%
19th いつかできるから今日できる
67%
26th 僕は僕を好きになる
67%
30th 好きというのはロックだぜ!
67%
31st ここにはないもの
67%
37th 歩道橋
67%
38th ネーブルオレンジ
67%
40th ビリヤニ
67%
27th ごめんねFingers crossed
67%
9th 夏のFree&Easy
67%
39th Same numbers
67%
32nd 人は夢を二度見る
56%
41st 最後に階段を駆け上がったのはいつだ?
56%
34th Monopoly
56%
No matching quizzes found
Score Distribution
Percent of People with Each Score
Percentile by Number Answered
Your Score History
You have not taken this quiz since the last reset